GOVERNANCE and politics in Nigeria the IBB and OBJ years

Guardat en:
Dades bibliogràfiques
Autor principal: OYOVBAIRE, Sam
Format: Llibre
Idioma:anglès
Publicat: : Spectrum Books 2008
Etiquetes: Afegir etiqueta
Sense etiquetes, Sigues el primer a etiquetar aquest registre!

MARC

LEADER 00000nam a22000007a 4500
008 201218b ||||| |||| 00| 0 eng d
020 |a 978-978-029-930-9 
100 |a OYOVBAIRE, Sam. 
245 |a GOVERNANCE and politics in Nigeria  |b the IBB and OBJ years  |c edited by Sam Oyovbaire 
250 |c Sam Oyovbaire 
260 |b : Spectrum Books  |c 2008  |h Ibadan  |i 691844  |l DT515.842 .G74 
942 |a lcc  |c BK 
952 |0 0  |1 0  |2 ddc  |4 0  |6 DT_515_842000000000000__G74  |7 0  |9 861  |a HOL  |b HOL  |d 2020-12-18  |l 0  |o DT515.842 .G74  |p 2020-230076  |r 2020-12-18 00:00:00  |w 2020-12-18  |y BK 
999 |c 474  |d 474